Southville International School and Colleges
Your cart is empty.
  • Cart
  • Lists
    Public lists Eva Luna New books Lux_list list_1
    Your lists Log in to create your own lists
  • Log in to your account
  • Your cookies
  • Search history
Southville International School and Colleges
  • Advanced search
  • Recent comments
  • Most popular
  • Libraries

Log in to your account

Log in with GOOGLE


If you do not have an external account, but do have a local account, you can still log in:

  1. Home
  2. MARC view: Smelly socks /
Normal view MARC view ISBD view

Smelly socks / (Record no. 114761)

[ view plain ]
MARC details
000 -LEADER
fixed length control field 00524nam a2200169 a 4500
005 - DATE AND TIME OF LATEST TRANSACTION
control field 20140414132111.0
008 - FIXED-LENGTH DATA ELEMENTS--GENERAL INFORMATION
fixed length control field 110513s19uu xx 00 eng d
020 ## - INTERNATIONAL STANDARD BOOK NUMBER
International Standard Book Number 043964948X
050 ## - LIBRARY OF CONGRESS CALL NUMBER
Classification number TR
Item number SM3 2004
100 ## - MAIN ENTRY--PERSONAL NAME
Personal name Munsch, Robert N., 1945-
245 ## - TITLE STATEMENT
Title Smelly socks /
Statement of responsibility, etc by Robert Munsch ; illustrated by Michael Martchenko.
260 ## - PUBLICATION, DISTRIBUTION, ETC. (IMPRINT)
Place of publication, distribution, etc New York :
Name of publisher, distributor, etc Scholastic,
Date of publication, distribution, etc c2004.
300 ## - PHYSICAL DESCRIPTION
Extent 28 p. : col. ill. ; 20 cm.
650 ## - SUBJECT ADDED ENTRY--TOPICAL TERM
Topical term or geographic name as entry element Hygiene
General subdivision Juvenile fiction.
650 ## - SUBJECT ADDED ENTRY--TOPICAL TERM
Topical term or geographic name as entry element Body odor
General subdivision Juvenile fiction.
Holdings
Withdrawn status Lost status Damaged status Use restrictions Home library Current library Shelving location Date acquired Source of acquisition Cost, normal purchase price Total Checkouts Full call number Barcode Date last seen Price effective from Koha item type
        Munich Library Munich Library Teachers Reference Section 05/13/2011   135.00   TR SM3 2004 M6656 04/14/2014 04/14/2014 Books

Smelly socks /

APA

Munsch R. N. 1., . (2004). Smelly socks. New York: Scholastic.

Chicago

Munsch Robert N 1945, . 2004. Smelly socks. New York: Scholastic.

Harvard

Munsch R. N. 1., . (2004). Smelly socks. New York: Scholastic.

MLA

Munsch Robert N 1945, . Smelly socks. New York: Scholastic. 2004.

  • Place hold
  • Print
  • Cite
  • Add to your cart (remove)
  • Save record
    BIBTEX Dublin Core MARCXML MARC (non-Unicode/MARC-8) MARC (Unicode/UTF-8) MARC (Unicode/UTF-8, Standard) MODS (XML) RIS
  • More searches
    Search for this title in:
    Other Libraries (WorldCat) Other Databases (Google Scholar) Online Stores (Bookfinder.com) Open Library (openlibrary.org)

Exporting to Dublin Core...

SOUTHVILLE LIBRARY

Southville International School and Colleges Library

1281 Tropical Ave. Cor. Luxembourg St., BF Homes International, Las Pinas City

Tel. No. 8256374 / 252358 Loc. 117/146

Powered by Koha